Capital Cities with a V in Its Spelling - Statistics

General Stats
  • This quiz has been taken 79 times
  • The average score is 14 of 23
Answer Stats
Answer % Correct
KIEV
82%
VIENNA
82%
VILNIUS
82%
VATICAN CITY
80%
MONTEVIDEO
76%
VADUZ
76%
SARAJEVO
73%
VALLETTA
71%
REYKJAVIK
67%
ANDORRA LA VELLA
65%
HAVANA
65%
SUVA
63%
BRATISLAVA
61%
SAN SALVADOR
61%
VIENTIANE
57%
VICTORIA
53%
ANTANANARIVO
49%
BRAZZAVILLE
47%
MONROVIA
45%
PORT VILA
45%
LIBREVILLE
41%
YEREVAN
41%
PORTO-NOVO
37%
No matching quizzes found
Score Distribution
Percent of People with Each Score
Percentile by Number Answered
Your Score History
You have not taken this quiz